<?xml version="1.0" encoding="UTF-8"?>
<record
    xmlns:xsi="http://www.w3.org/2001/XMLSchema-instance"
    xsi:schemaLocation="http://www.loc.gov/MARC21/slim http://www.loc.gov/standards/marcxml/schema/MARC21slim.xsd"
    xmlns="http://www.loc.gov/MARC21/slim">

  <leader>01709nam a22002417a 4500</leader>
  <controlfield tag="003">DO-SdBJH</controlfield>
  <controlfield tag="005">20230323125613.0</controlfield>
  <controlfield tag="008">230323b        |||||||| |||| 00| 0 spa d</controlfield>
  <datafield tag="040" ind1=" " ind2=" ">
    <subfield code="a">DO-SdBJH</subfield>
    <subfield code="b">spa</subfield>
    <subfield code="c">DO-SdBJH</subfield>
  </datafield>
  <datafield tag="090" ind1=" " ind2=" ">
    <subfield code="a">TG AAFFM</subfield>
    <subfield code="b">01919 2021</subfield>
  </datafield>
  <datafield tag="100" ind1="1" ind2=" ">
    <subfield code="a">Alc&#xE1;ntara Ronald, Liriano</subfield>
    <subfield code="e">sustentante</subfield>
  </datafield>
  <datafield tag="245" ind1="1" ind2="0">
    <subfield code="a">Importancia de los avances tecnol&#xF3;gicos implementados por el Cuerpo Especializado de Seguridad de la Aviaci&#xF3;n Civil (CESAC) en el Aeropuerto Internacional Dr. Joaqu&#xED;n Balaguer /</subfield>
    <subfield code="c"> Liriano Alc&#xE1;ntara Ronald, Hansel Ra&#xFA;l Taveras Franco, asesores Pichardo Guerrero, Francisco Acosta</subfield>
  </datafield>
  <datafield tag="260" ind1=" " ind2=" ">
    <subfield code="a">Santo Domingo Este :</subfield>
    <subfield code="b">INSUDE, </subfield>
    <subfield code="c">2021</subfield>
  </datafield>
  <datafield tag="300" ind1=" " ind2=" ">
    <subfield code="a">xiv, 49 p&#xE1;ginas, organigrama, gr&#xE1;ficos</subfield>
  </datafield>
  <datafield tag="502" ind1=" " ind2=" ">
    <subfield code="a">Trabajo de grado (Licenciatura en Ciencias Aeron&#xE1;uticas) -- Instituto Superior para la Defensa (INSUDE). -- Academia A&#xE9;rea Gral. De Brigada Piloto Frank Andr&#xE9;s Feliz Miranda, 2021.</subfield>
  </datafield>
  <datafield tag="504" ind1=" " ind2=" ">
    <subfield code="a">Incluye referencias bibliogr&#xE1;ficas e &#xED;ndices</subfield>
  </datafield>
  <datafield tag="505" ind1=" " ind2=" ">
    <subfield code="a">Antecedentes hist&#xF3;ricos del Cuerpo Especializado en Seguridad Aeroportuaria y de la Aviaci&#xF3;n Civil (CESAC). -- Normativas legales que crean y regulan el Cuerpo Especializado en Seguridad Aeroportuaria y de la Aviaci&#xF3;n Civil (CESAC). -- Importancia de los avances tecnol&#xF3;gicos implementados por el Cuerpo Especializado en Seguridad Aeroportuaria y de Aviaci&#xF3;n Civil (CESAC) en el Aeroportuaria Internacional Dr. Joaqu&#xED;n Balaguer</subfield>
  </datafield>
  <datafield tag="700" ind1="1" ind2=" ">
    <subfield code="a">Taveras Franco,  Hansel Ra&#xFA;l </subfield>
    <subfield code="e">sustentante</subfield>
  </datafield>
  <datafield tag="700" ind1="1" ind2=" ">
    <subfield code="a">Pichardo Guerrero</subfield>
    <subfield code="e">asesor</subfield>
  </datafield>
  <datafield tag="700" ind1="1" ind2=" ">
    <subfield code="a"> Acosta, Francisco</subfield>
    <subfield code="e">asesor</subfield>
  </datafield>
  <datafield tag="830" ind1=" " ind2=" ">
    <subfield code="a">INSUDE.  Academia A&#xE9;rea Gral. De Brig. Pil.  Frank Andr&#xE9;s  Feliz Miranda.  Tesis y disertaciones acad&#xE9;micas</subfield>
  </datafield>
  <datafield tag="942" ind1=" " ind2=" ">
    <subfield code="2">CL</subfield>
    <subfield code="c">T</subfield>
  </datafield>
  <datafield tag="999" ind1=" " ind2=" ">
    <subfield code="c">7357</subfield>
    <subfield code="d">7357</subfield>
  </datafield>
  <datafield tag="952" ind1=" " ind2=" ">
    <subfield code="0">0</subfield>
    <subfield code="1">0</subfield>
    <subfield code="2">CL</subfield>
    <subfield code="4">0</subfield>
    <subfield code="7">1</subfield>
    <subfield code="8">TG</subfield>
    <subfield code="a">BJHA</subfield>
    <subfield code="b">BJHA</subfield>
    <subfield code="d">2023-03-23</subfield>
    <subfield code="i">21-01919</subfield>
    <subfield code="l">0</subfield>
    <subfield code="o">TG AAFFM 01919 2021</subfield>
    <subfield code="p">21-01919</subfield>
    <subfield code="r">2023-03-23 00:00:00</subfield>
    <subfield code="t">e.1</subfield>
    <subfield code="w">2023-03-23</subfield>
    <subfield code="y">T</subfield>
  </datafield>
</record>
